Τα δέκα πρόσωπα του σύμπαντος

Αποθηκεύτηκε σε:
Λεπτομέρειες βιβλιογραφικής εγγραφής
Κύριος συγγραφέας: Hoyle, Fred, 1915-2001
Άλλοι συγγραφείς: Τσουκαλαδάκης, Θανάσης (Μεταφραστής)
Μορφή: Βιβλίο
Γλώσσα:Greek
English
Δημοσίευση: Αθήνα : Κάτοπτρο, 1977.
Θέματα:
Ετικέτες: Προσθήκη ετικέτας
Δεν υπάρχουν, Καταχωρήστε ετικέτα πρώτοι!

MARC

LEADER 00000cam a2200000 i 4500
001 1/87784
008 051019s1977 gr | ||| |||| ||gre||
020 |a 071670384X 
035 |l 10080909 
040 |a GR-MY-UA  |b gre  |e aacr 
041 1 |a gre  |h eng 
082 7 |a 523.101   |2 (22) 
100 1 |a Hoyle, Fred,   |d 1915-2001. 
245 1 3 |a Τα δέκα πρόσωπα του σύμπαντος /   |c Sir Fred Hoyle ; μετάφραση: Θαν. Τσουκαλαδάκης.  
260 |a Αθήνα :   |b Κάτοπτρο,   |c 1977.  
300 |a 207 σ. :   |b εικ. ;   |c 21 εκ. 
500 |a Μια συγκλονιστική περιήγηση στο σύμπαν του φυσικού, του μαθηματικού, του βιολόγου του γεωλόγου, του θεού, του καθενός... 
500 |a Με: To χρονικό του χρόνου απο τη μεγάλη έκρηξη ως τις μαύρες τρύπες / Stephen W. Hawking. - Μαύρες τρύπες, σύμπαντα - βρέφη και άλλα δοκίμια / Stephen Hawking. - Η θεωρία της εξέλιξης / Κ. Λάμπερτ.  
500 |a Τίτλος πρωτοτύπου: Ten faces of the universe.  
650 0 0 |a Cosmology. 
650 0 0 |a Astronomy  |x Philosophy. 
650 0 0 |a Planets  |x Origin. 
650 0 0 |a Cosmogony. 
700 1 |a Τσουκαλαδάκης, Θανάσης,  |e trl 
852 |a INST  |b RHODES  |c KRI  |e 20051019  |h  523.101 ΗΟΥ  |p 005400022513  |q 005400022513  |t BK  |y 0 
901 |a BIBL4-2005-3 
909 |a Ρ  |b 122321 
970 |a ΣΙΔΕΡΗ  |b ΝΕΚΤΑΡΙΑ  |z 2005/10/19